Statistics for NBA Biggest Paycuts

Click here to take the quiz!

General Stats

  • This quiz has been taken 20 times
  • The average score is 6 of 15

Answer Stats

PaycutYearTeamAnswer% Correct
-$20,000,000.002017-2018Dallas MavericksDirk Nowitzki
100%
-$18,647,819.002010-2011Boston CelticsShaquille O'Neal
82%
-$17,251,000.002010-2011Boston CelticsJermaine O'Neal
71%
-$18,180,000.002012-2013Dallas MavericksVince Carter
53%
-$20,397,471.002015-2016Miami HeatAmare Stoudemire
41%
-$17,750.000.002003-2004Los Angeles LakersKarl Malone
41%
-$21,887,381.002010-2011Detroit PistonsTracy McGrady
41%
-$19,649,445.002009-2010Memphis GrizzliesAllen Iverson
29%
-$19,260,350.002018-2019Milwaukee BucksBrook Lopez
29%
-$18,789,764.002017-2018Cleveland CavaliersDerrick Rose
29%
-$17,485,719.002005-2006Houston RocketsDikembe Mutombo
18%
-$15,712,800.002003-2004New Jersey NetsAlonzo Mourning
12%
-$19,196,750.002008-2009San Antonio SpursMichael Finley
6%
-$19,218,694.002018-2019Toronto RaptorsGreg Monroe
0%
-$16,991,494.002011-2012Phoenix SunsMichael Redd
0%

Score Distribution

Percentile by Number Answered

Percent of People with Each Score

Your Score History

You have not taken this quiz